| 000 | 01678nam a22002297a 4500 | ||
|---|---|---|---|
| 001 | 00004589 | ||
| 003 | DO-SdBNP | ||
| 005 | 20180314131754.0 | ||
| 007 | 00004589 | ||
| 008 | 160518b 2011 dr a xxu||||| |||| 00| 0 spa d | ||
| 040 |
_aBPMSU _bspa _cBPMSU |
||
| 092 |
_axxxxx _bxxxxx |
||
| 100 | 1 | _aPaniagua, José Manuel | |
| 245 | 1 | 0 |
_aEducación física : _bdesarrollo curricular, nivel básico, _cJosé Manuel Paniagua. |
| 260 |
_a[Santo Domingo : _bMinisterio de Educación, _c2011], |
||
| 300 |
_a231 p. : _bil. ; _c28 cm. |
||
| 504 | _aBibliografía : p. 230-231 | ||
| 505 | 0 |
_tEl calentamiento -- _tOrganización control y postura -- _tLas alineaciones -- _tLas numeraciones -- _tLos giros -- _tEl estiramiento -- _tHistoria de los juegos olímpicos -- _tEl ajedrez -- _tEl atletismo -- _tLos saltos -- _tLos lanzamientos -- _tEl baloncesto -- _tLos fundamentos del baloncesto -- _tSistema de defensa -- _tEl futbol -- _tPrincipios defensivos -- _tPrincipios ofensivos -- _tEl voleibol -- _tL a recreación -- _tEl juego -- _tEl escultismo -- _tEl excursionismo -- _tEl campamento -- _tLa deforestación -- _tLa higiene -- _tLa alimentación -- _tLas vitaminas -- _tEl masaje -- _tEl masajista -- _tLos primeros auxilios -- _tLas heridas -- _tLesiones a huesos, articulaciones y músculos -- _tLesiones de calor y frio -- _tEl vendaje -- _tMétodos de rescate y transporte -- _tLas drogas -- _tPrevención ante fenómenos atmosféricos -- _tLas inundaciones -- _t Las tormentas eléctricas -- _tLas marejadas -- _tOrientaciones de transito para peatones -- _tSeñales de tránsito. |
|
| 942 |
_2ddc _cBK |
||
| 945 | _aRemanejado para la BNPHU / 2018 VM | ||
| 956 |
_2LOPEREZ _310 _620160518 _8BPMSU _a00041 |
||
| 999 |
_c10174 _d10174 |
||